Les différents types de profs - Statistiques

Statistiques générales
  • Ce quiz a été pris 73 fois
  • Le résultat moyen est 8 sur 15
Statistiques - réponses
Hint Réponse % Correct
3 Français
97%
7 Anglais
92%
5 Physique
91%
2 Histoire
89%
1 Maths
89%
8 Espagnol
88%
6 SVT
88%
4 Sport
84%
9 Musique
69%
10 Art plastique
47%
12 Layton
2%
14 Nogodi
2%
15 Pascal Papé
2%
13 Ospital en taule
0%
11 Rogue
0%
Aucun quiz correspondant
Distribution des résultats
% des personnes avec chaque résultat
Percentile par nombre de réponses
Votre historique - résultats
Vous n’avez pas pris ce quiz